Proteȯ̂ do Trabalhador em Face da Automaȯ̂. Eficc̀ia jurd̕ica e social do inciso XXVII do art. 7ð da Constituiȯ̂ Brasileira /

Bibliographic Details
Main Author: Esteves, Alan da Silva
Format: eBook
Language:Portuguese
Published: San Pablo: LTR Editora, 2013
Subjects:
Online Access:Acceso restringido

MARC

LEADER 00000nam a22000007a 4500
005 20140523223514.0
007 cr|||| ||||
008 140523s2013 br |||||s|||| 00||0 por d
020 |a 978-85-361-2847-4 
035 |a 12159 
040 |a vLex 
090 |c 4949  |d 4949 
100 1 |a Esteves, Alan da Silva 
245 1 0 |a Proteȯ̂ do Trabalhador em Face da Automaȯ̂.  |h [Recurso electrn̤ico] :  |b Eficc̀ia jurd̕ica e social do inciso XXVII do art. 7ð da Constituiȯ̂ Brasileira /  |c Alan da Silva Esteves 
256 |a Servicio en ln̕ea 
260 |a San Pablo:  |b LTR Editora,  |c 2013 
300 |a 1 recurso electrn̤ico 
500 |a Trata-se de estudo original ao fazer uma relaȯ̂ entre o dispositivo do inciso XXVII do art. 7ð da Constituiȯ̂ Federal e o Programa Seguro Desemprego. Estudar a eficc̀ia jurd̕ica e social de um preceito constitucional ̌o que de mais moderno existe no direito contemporńeo e isso foi feito com apontamentos das raze̳s hermenůticas, histr̤icas e legislativas, alm̌ de estudos a partir de polt̕icas pb︢licas de trabalho, emprego e renda. 
506 1 |a Disponible solo en los productos indicados  |d vLex Global  |d vLex Global (Academic Edition, excluding Law Schools)  |d vLex Global (U.S. Academic Edition, Law Schools)  |d vLex Global (U.S. Academic Edition, excluding Law Schools)  |d vLex Global (Academic Edition, Law Schools) 
650 0 4 |a Derecho Laboral y Seguridad Social  |z Brasil 
740 0 |a vLex Libros (Servicio en ln̕ea) 
856 4 0 |u http://vlex.com/source/prote-o-do-trabalhador-em-face-da-automa-o-eficacia-juridica-e-social-do-inciso-xxvii-do-art-7-da-constitui-o-brasileira-12159  |z Acceso restringido 
942 |c BOOK 
999 0 |a Labor Law and Social Security